[Event "Pere Noel"]
[Site "Montreal CAN"]
[Date "2017.12.29"]
[Round "3.2"]
[White "Yang, Kaiqi"]
[Black "Rodrigue-Lemieux, Shawn"]
[Result "1/2-1/2"]
[WhiteElo "2494"]
[BlackElo "2308"]
[PlyCount "173"]
[EventDate "2017.12.27"]
[EventType "swiss"]
[EventRounds "5"]
[EventCountry "CAN"]

1. d4 d5 2. Bf4 Nf6 3. e3 c5 4. c3 Nc6 5. Nd2 Bf5 6. Ngf3 e6 7. Ne5 Qb6 8. g4
Bg6 9. Nxg6 hxg6 10. Rb1 Rc8 11. Be2 Qd8 12. Qb3 Qd7 13. h4 c4 14. Qa4 Bd6 15.
Bxd6 Qxd6 16. Kf1 Nd7 17. Nf3 e5 18. dxe5 Ndxe5 19. Nxe5 Qxe5 20. Rd1 a6 21.
Bf3 Rd8 22. Qa3 Ne7 23. Qc5 Qf6 24. Kg2 Qc6 25. Qd4 O-O 26. h5 Qe6 27. Rh3 g5
28. h6 gxh6 29. Rdh1 Kh7 30. Rxh6+ Qxh6 31. Rxh6+ Kxh6 32. Qb6+ Ng6 33. Qxb7 f5
34. Qxa6 f4 35. Bd1 fxe3 36. fxe3 Ra8 37. Qc6 Rac8 38. Qd6 Rcd8 39. Qc6 Rc8 40.
Qd6 Rcd8 41. Qc5 Rf6 42. Bc2 Rdf8 43. Bf5 Nh4+ 44. Kg3 Nxf5+ 45. gxf5 Rxf5 46.
Kg4 R8f6 47. a4 Rf1 48. Qxd5 Rg1+ 49. Kh3 Rf2 50. Qc6+ Kh5 51. Qe8+ Kh6 52.
Qc6+ Kh5 53. Qe8+ Kh6 54. Qh8+ Kg6 55. Qg8+ Kh6 56. Qh8+ Kg6 57. Qe5 Rff1 58.
Qe6+ Kh5 59. Qe8+ Kh6 60. Qh8+ Kg6 61. Qg8+ Kh6 62. Qf8+ Kg6 63. Qe8+ Kh6 64.
Qc6+ Kh5 65. a5 Rf2 66. Qe8+ Kh6 67. Qh8+ Kg6 68. Qg8+ Kh6 69. Qe6+ Kh5 70.
Qe8+ Kh6 71. Qe5 Rf3+ 72. Kh2 Rgf1 73. Qe6+ Kh5 74. Qe8+ Kg4 75. Qe4+ Kh5 76.
Qe8+ Kg4 77. Qc8+ Kh5 78. Qh8+ Kg4 79. Qd4+ Kh5 80. e4 Rd3 81. Qxc4 Rfd1 82.
Qf7+ Kg4 83. Qf5+ Kh4 84. Qf2+ Kg4 85. Qf5+ Kh4 86. Qf2+ Kg4 87. Qf5+ 1/2-1/2

[Event "Pere Noel"]
[Site "Montreal CAN"]
[Date "2017.12.30"]
[Round "4.3"]
[White "Milicevic, Goran"]
[Black "Yang, Kaiqi"]
[Result "0-1"]
[WhiteElo "2340"]
[BlackElo "2494"]
[Annotator ",Microsoft"]
[PlyCount "80"]
[EventDate "2017.12.27"]
[EventType "swiss"]
[EventRounds "5"]
[EventCountry "CAN"]

1. e4 c6 2. d4 d5 3. e5 Bf5 4. Ne2 e6 5. Nf4 h6 6. g4 Be4 7. f3 Bh7 8. Bd3 Bxd3
9. Qxd3 Ne7 10. Be3 c5 11. dxc5 Nd7 12. Nd2 Nc6 13. O-O-O Bxc5 14. Bxc5 Nxc5
15. Qe3 Qa5 16. Nb3 Nxb3+ 17. Qxb3 O-O-O 18. Nd3 Nd4 19. Qc3+ Qxc3 20. bxc3 Nc6
21. f4 h5 22. h3 Na5 23. f5 Nc4 24. fxe6 fxe6 25. Nf4 hxg4 26. hxg4 Kd7 27.
Rhg1 Rh2 28. Rde1 Rf8 29. Nd3 b6 30. Rh1 Rfh8 31. Rhf1 Ke8 32. Nf4 Na3 33. Re2
Rh1 34. Rfe1 Kd7 35. Nh5 Rxe1+ 36. Rxe1 g6 37. Nf4 Rh4 38. Rg1 g5 39. Ne2 Nc4
40. Nd4 Ne3 {0-1 in/en 56.} 0-1

[Event "Pere Noel"]
[Site "Montreal CAN"]
[Date "2017.12.30"]
[Round "5.2"]
[White "Yang, Kaiqi"]
[Black "Sambuev, Bator"]
[Result "0-1"]
[WhiteElo "2494"]
[BlackElo "2597"]
[PlyCount "250"]
[EventDate "2017.12.27"]
[EventType "swiss"]
[EventRounds "5"]
[EventCountry "CAN"]

1. Nf3 Nf6 2. c4 g6 3. g3 Bg7 4. Bg2 O-O 5. O-O Nc6 6. d4 d5 7. cxd5 Nxd5 8.
Nc3 Nb6 9. e3 a5 10. b3 Nb4 11. a3 N4d5 12. Nxd5 Nxd5 13. Bb2 c6 14. Rc1 Qb6
15. Nd2 Rd8 16. Nc4 Qa7 17. Qc2 Be6 18. Rfd1 Nc7 19. a4 Bd5 20. Ba3 Bxg2 21.
Bc5 Qa6 22. Kxg2 Nd5 23. e4 Nb4 24. Qd2 e5 25. Nxa5 b6 26. Bxb4 Rxd4 27. Qc2
bxa5 28. Bc5 Rxd1 29. Rxd1 Qb7 30. Rd3 h5 31. Qd1 Rb8 32. Qd2 Qa6 33. Rd8+ Rxd8
34. Qxd8+ Kh7 35. Qd7 Qe2 36. Qxf7 Qxe4+ 37. Qf3 Qc2 38. Bb6 e4 39. Qf7 Qd1 40.
h4 Qd2 41. Qc4 Qd1 42. Qxe4 Qxb3 43. Qxc6 Qb4 44. Kh2 Be5 45. Qd7+ Bg7 46. Be3
Kg8 47. Qc6 Kh7 48. Kg2 Bc3 49. Bc5 Qc4 50. Qd7+ Kg8 51. Qe8+ Kh7 52. Qd7+ Kg8
53. Be3 Kf8 54. Kf3 Kg8 55. Qe8+ Kh7 56. Qe7+ Kg8 57. Qe4 Qf7+ 58. Ke2 Qa2+ 59.
Kf3 Qf7+ 60. Bf4 Kh7 61. Ke3 Qd7 62. Ke2 Bd4 63. Qc2 Qe6+ 64. Kd1 Qd5 65. Qd3
Qh1+ 66. Ke2 Qa1 67. Qb3 Qh1 68. Qf7+ Bg7 69. Qc4 Qa1 70. Be3 Qb2+ 71. Kd3 Qb1+
72. Qc2 Qb7 73. Qa2 Qd7+ 74. Ke2 Qc6 75. Qb3 Qc7 76. Qb5 Bc3 77. Qd3 Qc6 78.
Qc2 Qc4+ 79. Kf3 Qf7+ 80. Kg2 Qd5+ 81. f3 Bg7 82. Qe4 Qa2+ 83. Bf2 Qd2 84. g4
hxg4 85. Qxg4 Bf6 86. Qe4 Kg7 87. Qb7+ Kg8 88. Qa8+ Kg7 89. Qa7+ Kg8 90. Kh3
Qd1 91. Qa8+ Kg7 92. Qa7+ Kg8 93. Qb8+ Kg7 94. Qc7+ Kg8 95. Qc4+ Kg7 96. Qe4
Kf7 97. Kg3 Qd6+ 98. Qf4 Qd5 99. Bb6 Ke6 100. Qg4+ Kf7 101. Qf4 Ke6 102. Kh3
Be7 103. Bd4 Qc4 104. Qg4+ Kf7 105. Qf4+ Ke8 106. Qe4 Kf7 107. Be5 Qe6+ 108.
Kg3 Bb4 109. Qb7+ Ke8 110. Qb8+ Ke7 111. Qc7+ Ke8 112. f4 Qb3+ 113. Kg4 Qd1+
114. Kg5 Be7+ 115. Kh6 Qxa4 116. Qc8+ Kf7 117. Kh7 Bxh4 118. Qg4 Qe4 119. Kh6
Be7 120. Qh3 a4 121. Qh2 Bf8+ 122. Kh7 g5+ 123. Kh8 Bg7+ 124. Bxg7 Qa8+ 125.
Kh7 Qg8+ 0-1

[Event "US Chess Masters"]
[Site "Greensboro USA"]
[Date "2017.08.24"]
[Round "2.1"]
[White "Yang, Kaiqi"]
[Black "Shankland, Sam"]
[Result "0-1"]
[WhiteElo "2441"]
[BlackElo "2671"]
[PlyCount "64"]
[EventDate "2017.08.23"]
[EventType "swiss"]
[EventRounds "9"]
[EventCountry "USA"]
[Source "Chess Mix"]
[SourceDate "2017.09.01"]

1. c4 e6 2. g3 d5 3. Bg2 dxc4 4. Qa4+ c6 5. Qxc4 b5 6. Qc2 Bb7 7. Nf3 Nd7 8.
Nc3 Ngf6 9. O-O Rc8 10. a4 Be7 11. Ng5 b4 12. Nce4 Nxe4 13. Nxe4 f5 14. d4 fxe4
15. Qxe4 Kf7 16. Rd1 Nf6 17. Qd3 Qd7 18. e4 c5 19. d5 exd5 20. e5 c4 21. Qf3
Qg4 22. exf6 Qxf3 23. Bxf3 Bxf6 24. Rb1 Rhd8 25. Be3 Bc6 26. Bxa7 Bxa4 27. Rxd5
Bc2 28. Rc1 b3 29. Bb6 Rxd5 30. Bxd5+ Kg6 31. Re1 Bd3 32. Bf3 Bxb2 0-1

[Event "Washington op"]
[Site "Rockville USA"]
[Date "2017.08.15"]
[Round "7.9"]
[White "Gorovets, Andrey"]
[Black "Yang, Kaiqi"]
[Result "0-1"]
[WhiteElo "2527"]
[BlackElo "2441"]
[PlyCount "82"]
[EventDate "2017.08.12"]
[EventType "swiss"]
[EventRounds "9"]
[EventCountry "USA"]
[Source "Chess Mix"]
[SourceDate "2017.09.01"]

1. c4 e5 2. Nc3 Nc6 3. g3 Bc5 4. Bg2 a6 5. Nf3 d6 6. e3 Ba7 7. O-O f5 8. d4 e4
9. Nd2 Nf6 10. f3 exf3 11. Nxf3 O-O 12. Nd5 Kh8 13. Nh4 Nxd5 14. cxd5 Ne7 15.
Qb3 b5 16. Nf3 Ng8 17. Bd2 Bb6 18. Ne1 Qg5 19. Nd3 Bxd4 20. exd4 Qxd2 21. Rfe1
Nf6 22. Rad1 Qh6 23. Nf4 Bd7 24. Qc2 Rac8 25. Re7 Rfe8 26. Rxe8+ Nxe8 27. Qd2
Nf6 28. Re1 Re8 29. Rc1 g5 30. Ne6 Bxe6 31. dxe6 Rxe6 32. Rxc7 f4 33. d5 Re5
34. Rc8+ Kg7 35. Rc7+ Kg8 36. h4 fxg3 37. Bh3 Qxh4 38. Be6+ Kh8 39. Rc8+ Kg7
40. Rc7+ Kh6 41. Rf7 Re1+ 0-1

[Event "Washington op"]
[Site "Rockville USA"]
[Date "2017.08.15"]
[Round "8.3"]
[White "Yang, Kaiqi"]
[Black "Prasanna, Ra"]
[Result "1-0"]
[WhiteElo "2441"]
[BlackElo "2455"]
[PlyCount "51"]
[EventDate "2017.08.12"]
[EventType "swiss"]
[EventRounds "9"]
[EventCountry "USA"]
[Source "Chess Mix"]
[SourceDate "2017.09.01"]

1. c4 Nf6 2. Nf3 e6 3. g3 d5 4. Bg2 dxc4 5. Qa4+ Nbd7 6. Qxc4 a6 7. Qc2 c5 8.
Nc3 Qc7 9. O-O b5 10. a4 b4 11. Nd1 Bb7 12. Ne3 Rc8 13. d3 Be7 14. Nc4 e5 15.
e4 O-O 16. Nh4 Nb6 17. Ne3 a5 18. Nef5 c4 19. Bg5 Bd8 20. Rfc1 Ne8 21. Be3 Qd7
22. d4 exd4 23. Bxd4 Qe6 24. Qe2 f6 25. Qg4 Kh8 26. Ng6+ 1-0

[Event "CAN-op"]
[Site "Sault Ste Marie CAN"]
[Date "2017.07.08"]
[Round "1.8"]
[White "Chakkoli, Shiva"]
[Black "Yang, Kaiqi"]
[Result "0-1"]
[WhiteElo "2075"]
[BlackElo "2415"]
[PlyCount "91"]
[EventDate "2017.07.08"]
[EventType "swiss"]
[EventRounds "9"]
[EventCountry "CAN"]

1. e4 e5 2. Nf3 Nc6 3. Bc4 Bc5 4. c3 Nf6 5. d4 exd4 6. cxd4 Bb4+ 7. Bd2 Nxe4 8.
Bxb4 Nxb4 9. Bxf7+ Kxf7 10. Qb3+ d5 11. Qxb4 Rf8 12. O-O Kg8 13. Nbd2 a5 14.
Qb3 a4 15. Qe3 Nd6 16. Rfe1 Bf5 17. Qe5 c6 18. Qe7 Ra6 19. b3 axb3 20. Qxd8
Rxd8 21. axb3 Rda8 22. Rxa6 Rxa6 23. h3 Ra2 24. g4 Be4 25. Nxe4 Nxe4 26. Nh4
Nxf2 27. Re3 Ne4 28. Nf5 g6 29. Ng3 Nxg3 30. Rxg3 Rd2 31. Re3 Rxd4 32. Re8+ Kf7
33. Rc8 Rb4 34. g5 Rxb3 35. Rc7+ Ke6 36. Rxh7 Rg3+ 37. Kf2 Rxg5 38. Rxb7 d4 39.
Kf3 Re5 40. Rb8 c5 41. Rb6+ Kf5 42. h4 Re3+ 43. Kf2 c4 44. Rd6 Re4 45. Rd5+ Ke6
46. Rc5 0-1

[Event "CAN-op"]
[Site "Sault Ste Marie CAN"]
[Date "2017.07.09"]
[Round "2.5"]
[White "Yang, Kaiqi"]
[Black "Itkin, David"]
[Result "1-0"]
[WhiteElo "2415"]
[BlackElo "2181"]
[PlyCount "87"]
[EventDate "2017.07.08"]
[EventType "swiss"]
[EventRounds "9"]
[EventCountry "CAN"]

1. c4 g6 2. Nf3 Bg7 3. g3 Nf6 4. Bg2 d6 5. d4 O-O 6. O-O Nc6 7. Nc3 Bf5 8. Bg5
Ne4 9. Nxe4 Bxe4 10. d5 Bxf3 11. exf3 Ne5 12. Rc1 c5 13. h4 h6 14. Be3 Qa5 15.
a4 a6 16. f4 Nd7 17. Bh3 Qc7 18. f5 b5 19. axb5 axb5 20. cxb5 Qb7 21. fxg6 fxg6
22. Qe2 Ra2 23. Rc2 Nf6 24. b4 Rxc2 25. Qxc2 Kh7 26. bxc5 dxc5 27. Bxc5 Nxd5
28. Qe4 Qa8 29. Bg2 Rf5 30. Rd1 Re5 31. Qc4 e6 32. Bd6 Rf5 33. Be4 Rf7 34. h5
Rd7 35. hxg6+ Kh8 36. Bxd5 exd5 37. Qf4 Qe8 38. b6 Qxg6 39. Bc7 Qc6 40. Re1 Bc3
41. Re8+ Kg7 42. Qg4+ Kf6 43. Rf8+ Ke7 44. Qg8 1-0

[Event "CAN-op"]
[Site "Sault Ste Marie CAN"]
[Date "2017.07.10"]
[Round "3.2"]
[White "Yang, Kaiqi"]
[Black "Lenderman, Alex"]
[Result "1-0"]
[WhiteElo "2415"]
[BlackElo "2585"]
[PlyCount "123"]
[EventDate "2017.07.08"]
[EventType "swiss"]
[EventRounds "9"]
[EventCountry "CAN"]

1. e4 e6 2. d4 d5 3. Nd2 Be7 4. exd5 exd5 5. Bd3 Nf6 6. Ngf3 Bg4 7. c3 c6 8.
Qb3 Qc7 9. Ne5 Bh5 10. O-O O-O 11. Re1 c5 12. Qa4 Nc6 13. Nf1 Bd6 14. Nxc6 bxc6
15. dxc5 Bxc5 16. Bf4 Qb6 17. Qc2 a5 18. Be3 Bg6 19. Bxg6 fxg6 20. f3 a4 21.
Bxc5 Qxc5+ 22. Kh1 a3 23. b3 Rae8 24. Qd2 Qb5 25. Ne3 Re5 26. Nc2 Rfe8 27. Rxe5
Rxe5 28. Re1 h6 29. h3 Rxe1+ 30. Qxe1 c5 31. Nxa3 Qa6 32. Qc1 Qe2 33. b4 cxb4
34. cxb4 Qxa2 35. b5 Qb3 36. Qc5 Kh7 37. Qd6 d4 38. b6 Nd5 39. Kh2 d3 40. Nc4
Qxc4 41. b7 Ne3 42. b8=Q Qc2 43. Qxg6+ Kxg6 44. Qe8+ Kf6 45. Qf8+ Ke6 46. Qe8+
Kd6 47. Qd8+ Kc5 48. Qe7+ Kc4 49. Qe4+ Kb3 50. Qxe3 Qc7+ 51. Kg1 Kc2 52. Qe4
Qc3 53. Kf1 g5 54. h4 Kb2 55. hxg5 hxg5 56. Qd5 Kc2 57. Qf5 Qc4 58. Ke1 Qc3+
59. Kf1 Kd1 60. Qe4 d2 61. Qb1+ Qc1 62. Qa2 1-0

[Event "CAN-op"]
[Site "Sault Ste Marie CAN"]
[Date "2017.07.11"]
[Round "4.1"]
[White "Chopra, Aryan"]
[Black "Yang, Kaiqi"]
[Result "1/2-1/2"]
[WhiteElo "2491"]
[BlackElo "2415"]
[PlyCount "135"]
[EventDate "2017.07.08"]
[EventType "swiss"]
[EventRounds "9"]
[EventCountry "CAN"]

1. e4 e5 2. Nf3 Nc6 3. Bb5 Nf6 4. O-O Nxe4 5. Re1 Nd6 6. Nxe5 Be7 7. Bf1 Nxe5
8. Rxe5 O-O 9. Nc3 Ne8 10. Nd5 Bd6 11. Re1 c6 12. Ne3 Bc7 13. Nf5 d5 14. Ne7+
Kh8 15. Nxc8 Rxc8 16. d4 Nd6 17. Bd3 Qh4 18. c3 Rce8 19. g3 Qh3 20. Bf4 Rxe1+
21. Qxe1 Qd7 22. Qf1 Ne4 23. Bxc7 Qxc7 24. Re1 Re8 25. Qh3 g6 26. Qh6 Kg8 27.
Re3 Nf6 28. Rf3 Re1+ 29. Kg2 Qe7 30. h3 Re6 31. Re3 Ne4 32. Qf4 Kg7 33. f3 Nd6
34. Rxe6 Qxe6 35. Kf2 f6 36. h4 a5 37. g4 h6 38. Bc2 g5 39. hxg5 fxg5 40. Qd2
Nc4 41. Qd3 Nxb2 42. Qh7+ Kf8 43. Qxb7 Nc4 44. Qb6 Ke7 45. Qc7+ Kf6 46. Qd8+
Kg7 47. Qc7+ Kf8 48. Qb8+ Ke7 49. Qc7+ Qd7 50. Qxd7+ Kxd7 51. Ke2 Kd6 52. f4
Nb6 53. fxg5 hxg5 54. a4 Nd7 55. Kf3 c5 56. Ke3 Nb6 57. Bb3 Kc6 58. Bc2 Nc4+
59. Ke2 Nb6 60. Ke3 Kd6 61. Ke2 Nc8 62. Ke3 Ne7 63. Kf3 Nc6 64. Ke3 Nd8 65. Bf5
Nc6 66. Bc2 cxd4+ 67. cxd4 Nb4 68. Kd2 1/2-1/2

[Event "CAN-op"]
[Site "Sault Ste Marie CAN"]
[Date "2017.07.14"]
[Round "7.2"]
[White "Yang, Kaiqi"]
[Black "Hambleton, Aman"]
[Result "0-1"]
[WhiteElo "2415"]
[BlackElo "2471"]
[PlyCount "186"]
[EventDate "2017.07.08"]
[EventType "swiss"]
[EventRounds "9"]
[EventCountry "CAN"]

1. e4 e6 2. d4 d5 3. Nd2 c5 4. Ngf3 cxd4 5. exd5 Qxd5 6. Bc4 Qd7 7. O-O Nc6 8.
Nb3 Nf6 9. Nbxd4 Nxd4 10. Nxd4 a6 11. Re1 Bc5 12. Be3 Qc7 13. Bb3 O-O 14. Qf3
b6 15. Bf4 Qb7 16. Nc6 Nd5 17. Bxd5 exd5 18. Qxd5 Be6 19. Qf3 Rfc8 20. Ne5 Qxf3
21. Nxf3 b5 22. a3 a5 23. c3 a4 24. Be3 Bf8 25. Bd4 Re8 26. Nd2 Bd5 27. f3 f6
28. Kf2 Kf7 29. Nf1 h5 30. h4 Bd6 31. g3 Bc7 32. Ne3 Bb3 33. Re2 Re6 34. Rd2
Rd8 35. Re1 g6 36. Ng2 Rxe1 37. Nxe1 g5 38. Ng2 gxh4 39. Nxh4 Rg8 40. f4 Rd8
41. Re2 Be6 42. Re1 Bd6 43. Ng2 Re8 44. Rd1 Bb3 45. Rd2 Bc7 46. Nh4 Bc4 47. Nf3
Ke6 48. Be3 Rd8 49. Nd4+ Kf7 50. Rc2 Rd5 51. Kf3 Bb6 52. Rh2 Bxd4 53. cxd4 Bb3
54. Ke4 Ke6 55. Kd3 Bc4+ 56. Kc3 Rf5 57. Rh1 Kd5 58. Re1 Ke4 59. Bd2+ Kf3 60.
Re3+ Kf2 61. Kb4 Rd5 62. Rc3 Kg2 63. f5 Rxf5 64. Bh6 Bd5 65. Bf8 Bf3 66. Bd6
Rd5 67. Bc7 Be2 68. Rc2 Rxd4+ 69. Kc5 Re4 70. Kd5 f5 71. Rd2 Kf3 72. Rc2 Bc4+
73. Kc5 h4 74. gxh4 Rxh4 75. Be5 Re4 76. Bd4 Re2 77. Rxe2 Kxe2 78. Be5 Ke3 79.
Bd4+ Ke4 80. Bg1 f4 81. Kb4 Kd3 82. Ba7 f3 83. Bb6 Ke2 84. Kc3 f2 85. Bxf2 Kxf2
86. Kd2 Bb3 87. Kc1 Ke1 88. Kb1 Kd2 89. Ka1 Bg8 90. Kb1 Kd1 91. b3 axb3 92. Kb2
Kd2 93. Kb1 Kc3 0-1

[Event "CAN-op"]
[Site "Sault Ste Marie CAN"]
[Date "2017.07.15"]
[Round "8.3"]
[White "Vovk, Andrey"]
[Black "Yang, Kaiqi"]
[Result "1-0"]
[WhiteElo "2630"]
[BlackElo "2415"]
[PlyCount "111"]
[EventDate "2017.07.08"]
[EventType "swiss"]
[EventRounds "9"]
[EventCountry "CAN"]

1. e4 e5 2. Nf3 Nc6 3. Bc4 Bc5 4. O-O Nf6 5. d3 O-O 6. Nbd2 d6 7. c3 a6 8. Bb3
h6 9. h3 Re8 10. Re1 Be6 11. Nf1 Bxb3 12. axb3 d5 13. Qe2 Bf8 14. Ng3 g6 15.
Nh2 a5 16. Qf3 d4 17. b4 Re6 18. b5 Nb8 19. Ne2 c5 20. c4 Nbd7 21. g3 h5 22.
Qg2 h4 23. g4 Nh7 24. g5 Be7 25. Nf3 Ndf8 26. Qg4 f6 27. gxf6 Bxf6 28. Nh2 Re7
29. f4 b6 30. fxe5 Bxe5 31. Nf3 Nf6 32. Qg2 Raa7 33. Bg5 Qd6 34. Rf1 N8h7 35.
Bxh4 Rg7 36. Nxe5 Qxe5 37. Bg3 Qe8 38. Nf4 Raf7 39. Nd5 Nh5 40. Bh2 Qe6 41. Qg4
Qxg4+ 42. hxg4 N5f6 43. Be5 Nxd5 44. cxd5 Rxf1+ 45. Rxf1 Rd7 46. Kg2 a4 47. Bg3
Kg7 48. Ra1 Ra7 49. e5 Kf7 50. e6+ Ke8 51. d6 Nf8 52. e7 Ne6 53. Rh1 Kd7 54.
Rh8 Ng7 55. Rd8+ Ke6 56. Rg8 1-0

[Event "CAN-op"]
[Site "Sault Ste Marie CAN"]
[Date "2017.07.16"]
[Round "9.6"]
[White "Yang, Kaiqi"]
[Black "Plotkin, Victor"]
[Result "1-0"]
[WhiteElo "2415"]
[BlackElo "2265"]
[PlyCount "129"]
[EventDate "2017.07.08"]
[EventType "swiss"]
[EventRounds "9"]
[EventCountry "CAN"]

1. c4 e5 2. Nc3 Nf6 3. Nf3 d6 4. g3 Be7 5. Bg2 c5 6. O-O Nc6 7. d3 O-O 8. a3 a5
9. h3 h6 10. Ne1 Be6 11. e4 Nd4 12. f4 Qb6 13. Be3 Bd7 14. Rb1 Qb3 15. Qxb3
Nxb3 16. a4 Bc6 17. Nf3 Nd7 18. Nd2 Nd4 19. b3 Bf6 20. Rbc1 Kh7 21. Bf3 exf4
22. gxf4 Nxf3+ 23. Nxf3 Bxc3 24. Rxc3 f5 25. exf5 Rxf5 26. d4 Bxf3 27. Rxf3
cxd4 28. Bxd4 Raf8 29. Rg3 R8f7 30. Be3 Nc5 31. Rg2 Ne6 32. Rd2 Nxf4 33. Bxf4
Rxf4 34. Rxd6 g5 35. Re3 Rf3 36. Rdd3 Rf1+ 37. Kg2 R1f2+ 38. Kg3 b6 39. Re6
R7f6 40. Rxb6 Rf7 41. Rb5 Kg6 42. Rxa5 Kh5 43. Re5 Rf1 44. Re2 Rg1+ 45. Rg2 Rb1
46. Rc3 Rb7 47. c5 R1xb3 48. Rgc2 Rb1 49. c6 Rc7 50. Rc4 Kg6 51. R2c3 h5 52.
Kf3 Kf6 53. Ke4 Rf1 54. Kd5 Ke7 55. Kc5 Kd8 56. a5 Rg7 57. Rb4 Rf5+ 58. Kb6 g4
59. hxg4 hxg4 60. a6 Rff7 61. Rg3 Rf1 62. Re3 Rg8 63. Kb7 Rg7+ 64. Kb8 Rd1 65.
Rb7 1-0

[Event "World op"]
[Site "Philadelphia USA"]
[Date "2017.07.01"]
[Round "3"]
[White "Nyzhnyk, Illya"]
[Black "Yang, Kaiqi"]
[Result "1/2-1/2"]
[WhiteElo "2612"]
[BlackElo "2415"]
[PlyCount "109"]
[EventDate "2017.06.30"]
[EventType "swiss"]
[EventRounds "9"]
[EventCountry "USA"]
[Source "Chess Mix"]
[SourceDate "2017.07.10"]

1. d4 Nf6 2. c4 e6 3. Nc3 d5 4. Nf3 c5 5. cxd5 Nxd5 6. e4 Nxc3 7. bxc3 cxd4 8.
cxd4 Bb4+ 9. Bd2 Bxd2+ 10. Qxd2 O-O 11. Rc1 Nc6 12. Bc4 Qa5 13. Qxa5 Nxa5 14.
Bd3 Bd7 15. Kd2 Rfc8 16. Ne5 Be8 17. Ke3 Kf8 18. g4 f6 19. Nf3 h6 20. h4 Bd7
21. g5 Rxc1 22. Rxc1 Rc8 23. gxh6 gxh6 24. Rxc8+ Bxc8 25. e5 Kg7 26. exf6+ Kxf6
27. Ne5 Nc6 28. Nxc6 bxc6 29. Kf4 Bb7 30. Be4 Ba8 31. f3 Bb7 32. Kg4 Ba8 33. f4
Bb7 34. a3 Ba8 35. Kh5 Kg7 36. f5 exf5 37. Bxf5 Bb7 38. Bd7 a5 39. Kg4 Kf6 40.
Kf4 Ke7 41. Bf5 Kd6 42. Kg4 Ke7 43. Kh5 Kf6 44. Bg4 Kg7 45. Bd7 Kh7 46. Bf5+
Kg7 47. Be4 Ba8 48. Kg4 Kf6 49. Bf5 Bb7 50. Kf4 Ba6 51. Bd7 Bb7 52. Kg4 Ke7 53.
Bf5 Kf6 54. Be4 Ba8 55. Kh5 1/2-1/2

[Event "World op"]
[Site "Philadelphia USA"]
[Date "2017.07.02"]
[Round "4"]
[White "Yang, Kaiqi"]
[Black "Belous, Vladimir"]
[Result "1-0"]
[WhiteElo "2415"]
[BlackElo "2567"]
[PlyCount "79"]
[EventDate "2017.06.30"]
[EventType "swiss"]
[EventRounds "9"]
[EventCountry "USA"]
[Source "Chess Mix"]
[SourceDate "2017.07.10"]

1. c4 e5 2. g3 Nf6 3. Bg2 c6 4. d4 exd4 5. Qxd4 d5 6. Nf3 Be7 7. cxd5 cxd5 8.
O-O Nc6 9. Qd3 O-O 10. Nc3 h6 11. Bf4 Nb4 12. Qb1 Be6 13. Nb5 Rc8 14. Nxa7 Rc4
15. a4 Nc2 16. b3 Rc5 17. Ra2 Bf5 18. Qb2 Nb4 19. Raa1 Rc2 20. Qe5 Be4 21. Nd4
Rc5 22. Rac1 Re8 23. Bxe4 Bf8 24. Bh7+ Kxh7 25. Qf5+ g6 26. Qh3 h5 27. Nab5 Ng4
28. Qg2 Qb6 29. Qf3 Rec8 30. Bd2 Ne5 31. Qf4 Rxc1 32. Rxc1 Rxc1+ 33. Bxc1 Bg7
34. Be3 Qf6 35. Qxf6 Bxf6 36. Nd6 Ng4 37. Nxb7 Nxe3 38. fxe3 Be7 39. Na5 Bc5
40. Nac6 1-0

[Event "Philadelphia int."]
[Site "Philadelphia USA"]
[Date "2017.06.24"]
[Round "1.17"]
[White "Winkelman, Albert"]
[Black "Yang, Kaiqi"]
[Result "0-1"]
[WhiteElo "2028"]
[BlackElo "2415"]
[PlyCount "80"]
[EventDate "2017.06.24"]
[EventType "swiss"]
[EventRounds "9"]
[EventCountry "USA"]
[Source "Mark Crowther"]
[SourceDate "2017.07.03"]

1. e4 e5 2. Nf3 Nc6 3. Bb5 a6 4. Ba4 Nf6 5. O-O Be7 6. Re1 b5 7. Bb3 d6 8. c3
O-O 9. h3 Nb8 10. d4 Nbd7 11. Nbd2 Bb7 12. Bc2 Re8 13. Nf1 Bf8 14. Ng3 g6 15.
a4 c5 16. d5 c4 17. Bg5 Be7 18. Qd2 Nc5 19. Bh6 Nfd7 20. Nh2 bxa4 21. Bxa4 Nxa4
22. Rxa4 Nc5 23. Rxc4 a5 24. Ng4 Bh4 25. b4 Ba6 26. Rxc5 dxc5 27. bxc5 a4 28.
c6 Bc8 29. Be3 Bxg4 30. hxg4 a3 31. d6 Re6 32. Bc5 Qa5 33. Bb4 Qb6 34. Qd5 a2
35. c7 a1=Q 36. Rxa1 Rxa1+ 37. Kh2 Qxf2 38. Qd3 Qg1+ 39. Kh3 Qh1+ 40. Nxh1
Rxh1# 0-1

[Event "Philadelphia int."]
[Site "Philadelphia USA"]
[Date "2017.06.24"]
[Round "2.13"]
[White "Yang, Kaiqi"]
[Black "Ghatti, Sanjay"]
[Result "1-0"]
[WhiteElo "2415"]
[BlackElo "2235"]
[PlyCount "80"]
[EventDate "2017.06.24"]
[EventType "swiss"]
[EventRounds "9"]
[EventCountry "USA"]
[Source "Mark Crowther"]
[SourceDate "2017.07.03"]

1. c4 Nf6 2. Nf3 e6 3. g3 d5 4. Bg2 Be7 5. O-O O-O 6. d4 dxc4 7. Qc2 a6 8. a4
Bd7 9. Qxc4 Bc6 10. Bf4 Bd6 11. Qc1 Bxf4 12. Qxf4 Qd6 13. Nbd2 Bd5 14. Qh4 Qb4
15. e4 Bc6 16. b3 h6 17. Rfc1 Nbd7 18. Rc4 Qe7 19. Ne5 Nxe5 20. dxe5 g5 21.
exf6 Qxf6 22. e5 Qxe5 23. Qd4 Qxd4 24. Rxd4 Bxg2 25. Kxg2 Rfd8 26. Rxd8+ Rxd8
27. Ra2 f5 28. Kf3 Kf7 29. Ke2 Kf6 30. Nc4 Rd7 31. Rd2 Rh7 32. f4 b6 33. Ne5
gxf4 34. gxf4 h5 35. b4 Rg7 36. Ke3 Rh7 37. a5 Re7 38. Rd7 Rxd7 39. Nxd7+ Ke7
40. Nb8 Kd6 1-0

[Event "Philadelphia int."]
[Site "Philadelphia USA"]
[Date "2017.06.25"]
[Round "3.2"]
[White "Nyzhnyk, Illya"]
[Black "Yang, Kaiqi"]
[Result "1-0"]
[WhiteElo "2612"]
[BlackElo "2415"]
[PlyCount "97"]
[EventDate "2017.06.24"]
[EventType "swiss"]
[EventRounds "9"]
[EventCountry "USA"]
[Source "Mark Crowther"]
[SourceDate "2017.06.26"]

1. d4 Nf6 2. c4 e6 3. g3 d5 4. Bg2 Be7 5. Nf3 O-O 6. O-O dxc4 7. Qc2 a6 8. a4
Bd7 9. Qxc4 Bc6 10. Bf4 a5 11. Nc3 Na6 12. Qd3 Nb4 13. Qb1 Nbd5 14. Bd2 Nxc3
15. bxc3 Be4 16. Qb2 Qd5 17. Ne5 Bxg2 18. c4 Qd6 19. Kxg2 Nd7 20. Nf3 c5 21.
dxc5 Nxc5 22. Qb5 Bf6 23. Ra2 Rfc8 24. Rb1 Qc7 25. Rc2 h6 26. Be3 b6 27. Bxc5
bxc5 28. Qb7 Qxb7 29. Rxb7 Rab8 30. Rb5 Rxb5 31. axb5 a4 32. Ne1 Kf8 33. Nd3
Be7 34. Ra2 Ra8 35. Ra3 Ke8 36. Nb2 Kd7 37. Rxa4 Rxa4 38. Nxa4 f5 39. e4 Kd6
40. f4 g6 41. Kf3 h5 42. h3 e5 43. Nb6 Ke6 44. Nd5 Bd6 45. b6 Kd7 46. exf5 gxf5
47. Nf6+ Kc6 48. Nxh5 Kxb6 49. Ng7 1-0

[Event "Philadelphia int."]
[Site "Philadelphia USA"]
[Date "2017.06.25"]
[Round "4.12"]
[White "Yang, Kaiqi"]
[Black "Jirasek, Ladia"]
[Result "1-0"]
[WhiteElo "2415"]
[BlackElo "2271"]
[PlyCount "97"]
[EventDate "2017.06.24"]
[EventType "swiss"]
[EventRounds "9"]
[EventCountry "USA"]
[Source "Mark Crowther"]
[SourceDate "2017.07.03"]

1. e4 c5 2. Nf3 g6 3. c4 Nc6 4. d4 cxd4 5. Nxd4 Bg7 6. Be3 Nf6 7. Nc3 d6 8. Be2
O-O 9. O-O Bd7 10. Qd2 Nxd4 11. Bxd4 Bc6 12. Bd3 a5 13. b3 Nd7 14. Bxg7 Kxg7
15. Rae1 Qb6 16. Re3 Qd4 17. Ne2 Qf6 18. Rf3 Qe5 19. Rh3 Kh8 20. f4 Qg7 21. Bb1
Nc5 22. Ng3 Bd7 23. f5 Bc6 24. f6 exf6 25. Nh5 gxh5 26. Rg3 Qg6 27. Rxg6 fxg6
28. Qxd6 Nd7 29. a3 Rad8 30. b4 axb4 31. axb4 Ne5 32. Qc5 Ba4 33. Qa7 Bb3 34.
c5 Bc4 35. Re1 Rd7 36. Ba2 Nc6 37. Qa4 Bxa2 38. b5 Ne5 39. Qxa2 Nd3 40. c6 bxc6
41. bxc6 Rc7 42. Qa3 Rd8 43. Rd1 Rxc6 44. Rxd3 Rc1+ 45. Kf2 Rc2+ 46. Ke3 Re8
47. Qd6 f5 48. Qf6+ Kg8 49. Rd7 1-0

[Event "Philadelphia int."]
[Site "Philadelphia USA"]
[Date "2017.06.26"]
[Round "5.5"]
[White "Li, Ruifeng"]
[Black "Yang, Kaiqi"]
[Result "1-0"]
[WhiteElo "2571"]
[BlackElo "2415"]
[PlyCount "115"]
[EventDate "2017.06.24"]
[EventType "swiss"]
[EventRounds "9"]
[EventCountry "USA"]
[Source "Mark Crowther"]
[SourceDate "2017.07.03"]

1. e4 e5 2. Nf3 Nc6 3. Bc4 Bc5 4. c3 Nf6 5. d3 O-O 6. Nbd2 a5 7. h3 d6 8. Nf1
d5 9. exd5 Nxd5 10. Ng3 Nb6 11. Bb3 a4 12. Bc2 f5 13. O-O Qf6 14. Re1 Kh8 15.
Nxe5 Bxf2+ 16. Kxf2 Nxe5 17. Kg1 Ng6 18. Qh5 a3 19. d4 Nd5 20. Qf3 f4 21. Ne4
Qh4 22. Nf2 Bf5 23. Bxf5 Rxf5 24. bxa3 Raf8 25. Re2 Qd8 26. Rc2 Nh4 27. Qd3 Rg5
28. Ne4 Rg6 29. c4 Nf6 30. Bxf4 Nh5 31. Be3 Rf3 32. Ng5 Rxg5 33. Bxg5 Qxg5 34.
Rf1 Rxf1+ 35. Qxf1 Nf4 36. Kh2 Nhxg2 37. Rxg2 Qxg2+ 38. Qxg2 Nxg2 39. Kxg2 Kg8
40. Kf3 Kf7 41. d5 Ke7 42. Ke4 Kd6 43. Kd4 g5 44. a4 h5 45. c5+ Kd7 46. a5 c6
47. d6 Ke6 48. Ke4 Kf6 49. d7 Ke7 50. Kf5 g4 51. hxg4 hxg4 52. Kxg4 Kxd7 53.
Kf5 Kc7 54. Ke6 Kb8 55. a6 bxa6 56. Kd6 Kb7 57. a4 a5 58. Kd7 1-0